[Event "MCR druzstev mladsich zaku 2015"]
[Site "Hradec Kralove"]
[Date "2015.06.13"]
[Round "7.16"]
[White "Odstrcil (BSS F-M \"B\"), Lukas"]
[Black "Husa (ERA), Daniel"]
[Result "1-0"]
[BlackElo "1494"]
[WhiteElo "1498"]
[LiveChessVersion "1.4.4"]

1. e4 {[%clk 0:25:18]} e5 {[%clk 0:25:18]} 2. Nf3 {[%clk 0:25:25]} Nc6
{[%clk 0:25:25]} 3. Nc3 {[%clk 0:25:31]} Nf6 {[%clk 0:25:31]} 4. Bb5
{[%clk 0:25:36]} Bc5 {[%clk 0:25:33]} 5. O-O {[%clk 0:25:40]} d6 {[%clk 0:25:25]}
6. d3 {[%clk 0:25:45]} O-O {[%clk 0:25:18]} 7. Bg5 {[%clk 0:25:52]} h6
{[%clk 0:25:21]} 8. Bh4 {[%clk 0:25:59]} Be6 {[%clk 0:24:23]} 9. Bxc6
{[%clk 0:25:52]} bxc6 {[%clk 0:24:27]} 10. Re1 {[%clk 0:25:32]} Rb8
{[%clk 0:23:53]} 11. b3 {[%clk 0:25:28]} Bb4 {[%clk 0:22:24]} 12. Qd2
{[%clk 0:25:26]} Bg4 {[%clk 0:19:36]} 13. a3 {[%clk 0:25:13]} Bxc3
{[%clk 0:19:10]} 14. Qxc3 {[%clk 0:25:20]} Bxf3 {[%clk 0:18:51]} 15. gxf3
{[%clk 0:25:28]} Rb6 {[%clk 0:18:27]} 16. Kh1 {[%clk 0:25:31]} Kh7
{[%clk 0:17:45]} 17. Rg1 {[%clk 0:25:39]} g5 {[%clk 0:16:53]} 18. Bg3
{[%clk 0:25:19]} Nh5 {[%clk 0:16:43]} 19. d4 {[%clk 0:25:20]} Nxg3+
{[%clk 0:16:39]} 20. Rxg3 {[%clk 0:25:26]} Qf6 {[%clk 0:15:33]} 21. Rag1
{[%clk 0:25:20]} exd4 {[%clk 0:15:10]} 22. Qd3 {[%clk 0:25:20]} c5
{[%clk 0:12:18]} 23. Rh3 {[%clk 0:24:54]} Rg8 {[%clk 0:11:11]} 24. Rg4
{[%clk 0:22:04]} Rbb8 {[%clk 0:09:01]} 25. Kg2 {[%clk 0:20:55]} Rbe8
{[%clk 0:07:38]} 26. Qa6 {[%clk 0:20:44]} Ra8 {[%clk 0:07:06]} 27. Qb7
{[%clk 0:20:51]} Qe7 {[%clk 0:06:08]} 28. Qd5 {[%clk 0:20:50]} Qf6
{[%clk 0:05:23]} 29. Kh1 {[%clk 0:20:51]} Qg6 {[%clk 0:04:26]} 30. Qc6
{[%clk 0:19:51]} Rgc8 {[%clk 0:03:43]} 31. Qd7 {[%clk 0:19:25]} Rab8
{[%clk 0:03:08]} 32. Qe7 {[%clk 0:19:01]} Rg8 {[%clk 0:02:46]} 33. Qxc7 Ra8
{[%clk 0:02:44]} 34. Qe7 {[%clk 0:18:49]} Qe6 {[%clk 0:02:34]} 35. Qc7
{[%clk 0:18:14]} Rgc8 {[%clk 0:02:32]} 36. Qa5 {[%clk 0:18:08]} Qe7
{[%clk 0:02:13]} 37. Qd2 {[%clk 0:18:05]} Rg8 {[%clk 0:02:12]} 38. Qd3
{[%clk 0:18:01]} Qe5 {[%clk 0:02:04]} 39. Qc4 {[%clk 0:17:26]} Qe6
{[%clk 0:02:02]} 40. Qd3 {[%clk 0:17:16]} Qe5 {[%clk 0:02:10]} 41. Rg1
{[%clk 0:17:01]} f6 {[%clk 0:01:51]} 42. a4 {[%clk 0:16:51]} Qe6 {[%clk 0:01:48]}
43. Rgg3 {[%clk 0:16:19]} Qe5 {[%clk 0:01:30]} 44. Kg2 {[%clk 0:16:15]} Kg6
{[%clk 0:01:21]} 45. Kf1 {[%clk 0:16:10]} Qf4 {[%clk 0:00:57]} 46. Kg2
{[%clk 0:15:37]} h5 {[%clk 0:00:45]} 47. Kf1 {[%clk 0:15:15]} h4 {[%clk 0:00:42]}
48. Rg4 {[%clk 0:15:04]} Qe5 {[%clk 0:00:42]} 49. f4 {[%clk 0:13:46]} Qe7
{[%clk 0:00:32]} 50. Rhxh4 {[%clk 0:13:27]} Kf7 {[%clk 0:00:34]} 51. Rh7+
{[%clk 0:13:13]} Rg7 {[%clk 0:00:38]} 52. Rxg7+ {[%clk 0:13:17]} Kxg7
{[%clk 0:00:45]} 53. fxg5 {[%clk 0:13:22]} fxg5 {[%clk 0:00:50]} 54. Qf3
{[%clk 0:13:14]} Rf8 {[%clk 0:00:52]} 55. Qg3 {[%clk 0:13:20]} Kg6
{[%clk 0:00:43]} 56. h4 {[%clk 0:13:03]} Kf7 {[%clk 0:00:36]} 57. Rxg5
{[%clk 0:12:33]} Ke8 {[%clk 0:00:43]} 58. f3 {[%clk 0:12:28]} Qc7
{[%clk 0:00:32]} 59. Rg8 {[%clk 0:12:24]} Qf7 {[%clk 0:00:25]} 60. Rxf8+
{[%clk 0:12:25]} Qxf8 {[%clk 0:00:32]} 61. Qg6+ {[%clk 0:12:31]} Kd8
{[%clk 0:00:32]} 62. Kf2 {[%clk 0:12:39]} Qe7 {[%clk 0:00:33]} 63. Qg5
{[%clk 0:12:46]} Ke8 {[%clk 0:00:37]} 64. Qxe7+ Kxe7 {[%clk 0:00:46]} 65. Kg3
{[%clk 0:13:03]} Kf7 {[%clk 0:00:55]} 66. Kg4 {[%clk 0:13:13]} Kg6
{[%clk 0:01:04]} 67. h5+ {[%clk 0:13:22]} Kh6 {[%clk 0:01:12]} 68. f4
{[%clk 0:13:31]} a5 {[%clk 0:01:10]} 69. f5 {[%clk 0:13:38]} Kg7 {[%clk 0:01:13]}
70. Kg5 {[%clk 0:13:46]} Kf7 {[%clk 0:01:20]} 71. h6 {[%clk 0:13:53]} c4
{[%clk 0:01:28]} 72. bxc4 {[%clk 0:13:59]} d3 {[%clk 0:01:36]} 73. cxd3
{[%clk 0:14:06]} d5 {[%clk 0:01:46]} 74. cxd5 {[%clk 0:14:11]} Ke7
{[%clk 0:01:51]} 75. h7 {[%clk 0:14:19]} Kd6 {[%clk 0:02:00]} 76. h8=Q
{[%clk 0:14:23]} Kc5 {[%clk 0:02:09]} 77. Qc3+ {[%clk 0:14:26]} Kd6
{[%clk 0:02:17]} 78. e5+ {[%clk 0:14:31]} Kd7 {[%clk 0:02:25]} 79. e6+
{[%clk 0:14:40]} Kd6 {[%clk 0:02:33]} 80. d4 {[%clk 0:14:43]} Ke7
{[%clk 0:02:42]} 81. Qc7+ {[%clk 0:14:49]} Ke8 {[%clk 0:02:45]} 82. Qd7+
{[%clk 0:14:54]} Kf8 {[%clk 0:02:54]} 83. Qf7# {[%clk 0:15:03]} 1-0

[Event "MCR druzstev mladsich zaku 2015"]
[Site "Hradec Kralove"]
[Date "2015.06.13"]
[Round "7.17"]
[White "Prochazka (ERA), Vojtech"]
[Black "Gres (BSS F-M \"B\"), Michal"]
[Result "1-0"]
[BlackElo "1177"]
[WhiteElo "1364"]
[LiveChessVersion "1.4.4"]

1. e4 {[%clk 0:25:19]} c5 {[%clk 0:25:19]} 2. Nf3 {[%clk 0:25:13]} d6
{[%clk 0:25:28]} 3. Bc4 {[%clk 0:24:48]} Nf6 {[%clk 0:25:27]} 4. d3
{[%clk 0:24:25]} g6 {[%clk 0:25:27]} 5. Nc3 {[%clk 0:24:16]} Bg7 {[%clk 0:25:12]}
6. h3 {[%clk 0:23:13]} O-O {[%clk 0:25:04]} 7. O-O {[%clk 0:22:31]} Nc6
{[%clk 0:24:53]} 8. Be3 {[%clk 0:21:45]} Bd7 {[%clk 0:24:29]} 9. Qd2
{[%clk 0:20:40]} e6 {[%clk 0:23:42]} 10. Bh6 {[%clk 0:19:59]} Qe7
{[%clk 0:23:26]} 11. Bxg7 {[%clk 0:20:00]} Kxg7 {[%clk 0:23:34]} 12. Rfe1
{[%clk 0:19:00]} Qd8 {[%clk 0:22:58]} 13. e5 {[%clk 0:18:26]} dxe5
{[%clk 0:20:37]} 14. Nxe5 {[%clk 0:18:22]} Nxe5 {[%clk 0:20:33]} 15. Rxe5
{[%clk 0:18:25]} Qc7 {[%clk 0:20:37]} 16. Rae1 {[%clk 0:17:59]} Nh5
{[%clk 0:19:08]} 17. Bb5 {[%clk 0:15:53]} Bxb5 {[%clk 0:18:42]} 18. Nxb5
{[%clk 0:15:59]} Qc6 {[%clk 0:18:48]} 19. Qc3 {[%clk 0:15:10]} Kg8
{[%clk 0:18:23]} 20. Rxc5 {[%clk 0:15:03]} Qd7 {[%clk 0:18:06]} 21. Na3
{[%clk 0:14:05]} Rac8 {[%clk 0:17:29]} 22. Ree5 {[%clk 0:12:07]} f6
{[%clk 0:17:10]} 23. Re4 {[%clk 0:11:15]} Rxc5 {[%clk 0:16:54]} 24. Qxc5
{[%clk 0:11:11]} Rc8 {[%clk 0:16:18]} 25. Rd4 {[%clk 0:10:25]} Qe8
{[%clk 0:15:46]} 26. Qxa7 {[%clk 0:09:54]} e5 {[%clk 0:15:26]} 27. Rc4
{[%clk 0:09:30]} Ra8 {[%clk 0:15:12]} 28. Qxb7 {[%clk 0:08:54]} Rb8
{[%clk 0:15:16]} 29. Qd5+ {[%clk 0:08:49]} Kg7 {[%clk 0:15:26]} 30. Rc7+
{[%clk 0:08:41]} Kh6 {[%clk 0:15:24]} 31. Nc4 {[%clk 0:08:05]} Nf4
{[%clk 0:15:15]} 32. Qc6 {[%clk 0:07:45]} Qxc6 {[%clk 0:15:07]} 33. Rxc6
{[%clk 0:07:54]} Ne2+ {[%clk 0:15:16]} 34. Kf1 {[%clk 0:08:00]} Nd4
{[%clk 0:15:25]} 35. Rb6 {[%clk 0:07:56]} Rxb6 {[%clk 0:15:09]} 36. Nxb6
{[%clk 0:08:04]} Nxc2 {[%clk 0:15:15]} 37. a4 {[%clk 0:08:01]} Nb4
{[%clk 0:15:11]} 38. a5 {[%clk 0:07:50]} Na6 {[%clk 0:14:38]} 39. Ke2
{[%clk 0:07:56]} Kg7 {[%clk 0:14:45]} 40. Kd2 {[%clk 0:07:57]} Kf7
{[%clk 0:14:54]} 41. Kc3 {[%clk 0:08:03]} Ke6 {[%clk 0:14:59]} 42. b4
{[%clk 0:07:50]} Kd6 {[%clk 0:14:49]} 43. b5 Nc7 {[%clk 0:14:47]} 44. Kc4
{[%clk 0:07:39]} f5 {[%clk 0:14:26]} 45. a6 {[%clk 0:07:13]} e4 {[%clk 0:14:08]}
46. dxe4 {[%clk 0:07:12]} fxe4 {[%clk 0:14:17]} 47. a7 {[%clk 0:07:10]} Ke7
{[%clk 0:13:59]} 48. a8=Q {[%clk 0:07:18]} Nxa8 49. Nxa8 {[%clk 0:07:26]} Kd7
{[%clk 0:14:17]} 50. Nb6+ {[%clk 0:07:32]} Kc7 {[%clk 0:14:26]} 51. Nd5+
{[%clk 0:07:33]} Kd6 {[%clk 0:14:36]} 52. b6 {[%clk 0:07:37]} Kc6
{[%clk 0:14:43]} 53. Kd4 {[%clk 0:07:43]} h5 {[%clk 0:14:47]} 54. Ne7+
{[%clk 0:07:51]} Kxb6 {[%clk 0:14:54]} 55. Nxg6 {[%clk 0:07:58]} Kc6
{[%clk 0:15:04]} 56. Kxe4 {[%clk 0:08:07]} Kd6 {[%clk 0:15:13]} 57. Kf4
{[%clk 0:08:14]} Ke6 {[%clk 0:15:22]} 58. Kg5 {[%clk 0:08:22]} Kf7
{[%clk 0:15:31]} 59. Kxh5 {[%clk 0:08:31]} Kg7 {[%clk 0:15:40]} 60. h4
{[%clk 0:08:36]} Kh7 {[%clk 0:15:29]} 61. Kg5 {[%clk 0:08:40]} Kg7
{[%clk 0:15:37]} 62. h5 {[%clk 0:08:48]} Kh7 {[%clk 0:15:46]} 63. f4
{[%clk 0:08:49]} Kg7 {[%clk 0:15:53]} 64. Ne5 {[%clk 0:08:37]} Kh7
{[%clk 0:15:56]} 65. f5 {[%clk 0:08:42]} Kg7 {[%clk 0:16:05]} 66. h6+
{[%clk 0:08:51]} Kg8 {[%clk 0:16:05]} 67. Kg6 {[%clk 0:08:45]} Kh8
{[%clk 0:16:06]} 68. Nf7+ {[%clk 0:08:52]} Kg8 {[%clk 0:16:14]} 69. h7+
{[%clk 0:09:00]} Kf8 {[%clk 0:16:24]} 70. h8=Q+ {[%clk 0:09:01]} Ke7
{[%clk 0:16:31]} 71. Qf6+ {[%clk 0:09:09]} Kf8 {[%clk 0:16:37]} 72. Qd8#
{[%clk 0:09:16]} 1-0

[Event "MCR druzstev mladsich zaku 2015"]
[Site "Hradec Kralove"]
[Date "2015.06.14"]
[Round "8.1"]
[White "Mica (BSS F-M \"A\"), Marek"]
[Black "Koci (Loko Brno), Tomas"]
[Result "1-0"]
[BlackElo "1340"]
[WhiteElo "1663"]
[LiveChessVersion "1.4.4"]

1. d4 {[%clk 0:25:15]} f5 {[%clk 0:25:11]} 2. c4 {[%clk 0:25:18]} g6
{[%clk 0:25:10]} 3. Nc3 Nf6 {[%clk 0:24:58]} 4. Nf3 {[%clk 0:25:25]} Bg7
{[%clk 0:24:44]} 5. g3 {[%clk 0:25:18]} O-O {[%clk 0:23:33]} 6. Bg2
{[%clk 0:25:17]} d6 {[%clk 0:20:28]} 7. O-O {[%clk 0:25:19]} c6 {[%clk 0:19:27]}
8. Bg5 {[%clk 0:24:46]} Be6 {[%clk 0:17:14]} 9. b3 {[%clk 0:24:33]} Bf7
{[%clk 0:17:09]} 10. Rc1 {[%clk 0:24:36]} Nbd7 {[%clk 0:16:55]} 11. Bxf6
{[%clk 0:23:57]} Bxf6 {[%clk 0:16:30]} 12. d5 {[%clk 0:23:58]} cxd5
{[%clk 0:15:23]} 13. Nxd5 {[%clk 0:24:02]} Bg7 {[%clk 0:15:11]} 14. Ng5
{[%clk 0:23:43]} Bh6 {[%clk 0:11:20]} 15. Nxf7 {[%clk 0:23:31]} Kxf7
{[%clk 0:11:19]} 16. e3 {[%clk 0:23:32]} e6 {[%clk 0:11:09]} 17. Nc3
{[%clk 0:23:38]} Qc7 {[%clk 0:10:57]} 18. Nb5 {[%clk 0:23:42]} Qb6
{[%clk 0:08:03]} 19. Qxd6 {[%clk 0:23:23]} Qxd6 {[%clk 0:07:45]} 20. Nxd6+
{[%clk 0:23:30]} Ke7 {[%clk 0:07:49]} 21. Rfd1 {[%clk 0:23:10]} Rfd8
{[%clk 0:06:40]} 22. Nxb7 {[%clk 0:22:37]} Rf8 {[%clk 0:05:19]} 23. c5
{[%clk 0:21:12]} 1-0

[Event "MCR druzstev mladsich zaku 2015"]
[Site "Hradec Kralove"]
[Date "2015.06.14"]
[Round "8.2"]
[White "Glozar (Loko Brno), Petr"]
[Black "Stalmach (BSS F-M \"A\"), Richard"]
[Result "0-1"]
[BlackElo "1659"]
[WhiteElo "1522"]
[LiveChessVersion "1.4.4"]

1. e4 {[%clk 0:25:14]} e6 {[%clk 0:25:14]} 2. d4 {[%clk 0:25:16]} d5
{[%clk 0:25:21]} 3. Nc3 {[%clk 0:25:22]} Nf6 {[%clk 0:25:27]} 4. e5
{[%clk 0:25:23]} Nfd7 {[%clk 0:25:33]} 5. Nf3 {[%clk 0:25:01]} c5
{[%clk 0:25:21]} 6. Bb5 {[%clk 0:24:03]} a6 {[%clk 0:24:41]} 7. Bxd7+
{[%clk 0:23:53]} Bxd7 {[%clk 0:24:24]} 8. Ne2 {[%clk 0:23:17]} Nc6
{[%clk 0:23:46]} 9. c3 {[%clk 0:22:49]} b5 {[%clk 0:23:29]} 10. a3
{[%clk 0:21:15]} Qb6 {[%clk 0:22:48]} 11. Be3 {[%clk 0:18:54]} Rc8
{[%clk 0:19:45]} 12. O-O {[%clk 0:16:41]} a5 {[%clk 0:17:49]} 13. Qd3
{[%clk 0:14:49]} b4 {[%clk 0:16:46]} 14. axb4 {[%clk 0:14:38]} cxb4
{[%clk 0:16:36]} 15. Rfc1 {[%clk 0:13:33]} b3 {[%clk 0:15:47]} 16. Nd2
{[%clk 0:09:45]} a4 {[%clk 0:14:16]} 17. Nf4 {[%clk 0:08:04]} a3 {[%clk 0:13:46]}
18. Rcb1 {[%clk 0:06:28]} a2 {[%clk 0:05:55]} 19. Re1 {[%clk 0:06:04]} Na5
{[%clk 0:05:55]} 20. Qe2 {[%clk 0:04:23]} Nc4 {[%clk 0:04:36]} 21. Nxc4
{[%clk 0:04:06]} Rxc4 {[%clk 0:04:42]} 22. Nh5 {[%clk 0:02:13]} Bc8
{[%clk 0:02:25]} 23. Qg4 {[%clk 0:01:19]} Rg8 {[%clk 0:00:41]} 24. h3
{[%clk 0:00:23]} Rxc3 {[%clk 0:00:18]} 25. bxc3 {[%clk 0:00:16]} b2
{[%clk 0:00:24]} 26. Rxa2 {[%clk 0:00:15]} b1=Q {[%clk 0:00:32]} 0-1

[Event "MCR druzstev mladsich zaku 2015"]
[Site "Hradec Kralove"]
[Date "2015.06.14"]
[Round "8.3"]
[White "Gnojek (BSS F-M \"A\"), Petr"]
[Black "Kures (Loko Brno), Michael"]
[Result "1-0"]
[BlackElo "1533"]
[WhiteElo "1605"]
[LiveChessVersion "1.4.4"]

1. d4 {[%clk 0:25:19]} d5 {[%clk 0:25:18]} 2. Nf3 {[%clk 0:25:26]} Nc6
{[%clk 0:25:22]} 3. c4 {[%clk 0:25:33]} e6 {[%clk 0:25:25]} 4. Nc3
{[%clk 0:25:36]} Nge7 {[%clk 0:25:30]} 5. Bf4 {[%clk 0:25:37]} g6
{[%clk 0:25:31]} 6. Nb5 {[%clk 0:25:42]} e5 {[%clk 0:17:48]} 7. Nxe5
{[%clk 0:25:32]} Nf5 {[%clk 0:17:36]} 8. Nxc6 {[%clk 0:25:28]} bxc6
{[%clk 0:17:35]} 9. Nxc7+ {[%clk 0:25:35]} Qxc7 {[%clk 0:17:41]} 10. Bxc7
{[%clk 0:25:43]} Bb4+ {[%clk 0:17:48]} 11. Qd2 {[%clk 0:25:43]} Bxd2+
{[%clk 0:17:56]} 12. Kxd2 {[%clk 0:25:52]} Nxd4 {[%clk 0:17:29]} 13. Be5
{[%clk 0:25:48]} O-O {[%clk 0:14:12]} 14. Bxd4 {[%clk 0:25:48]} dxc4
{[%clk 0:14:06]} 15. e3 {[%clk 0:25:36]} Rd8 {[%clk 0:14:10]} 16. Kc3
{[%clk 0:25:41]} c5 {[%clk 0:13:20]} 17. Bxc5 {[%clk 0:25:24]} Be6
{[%clk 0:11:28]} 18. Bd4 {[%clk 0:25:09]} Rdc8 {[%clk 0:11:20]} 19. Be2
{[%clk 0:24:59]} Rc7 {[%clk 0:10:40]} 20. Be5 {[%clk 0:24:44]} Rc5
{[%clk 0:10:20]} 21. Bd6 {[%clk 0:24:06]} Rb5 {[%clk 0:08:36]} 22. Rhd1
{[%clk 0:23:38]} Rb6 {[%clk 0:08:30]} 23. Bc7 {[%clk 0:23:17]} Rb5
{[%clk 0:08:25]} 24. Rd8+ {[%clk 0:23:10]} Rxd8 {[%clk 0:08:23]} 25. Bxd8
{[%clk 0:23:18]} Rd5 {[%clk 0:08:12]} 26. Rd1 {[%clk 0:23:05]} Rc5
{[%clk 0:07:27]} 27. Bf6 {[%clk 0:23:01]} Rd5 {[%clk 0:05:51]} 28. Rxd5
{[%clk 0:22:55]} Bxd5 {[%clk 0:05:58]} 29. f3 {[%clk 0:23:03]} Kf8
{[%clk 0:05:56]} 30. Bxc4 {[%clk 0:23:07]} Be6 {[%clk 0:05:54]} 31. Bxe6
{[%clk 0:23:02]} fxe6 {[%clk 0:06:02]} 32. Kd4 {[%clk 0:23:11]} Kf7
{[%clk 0:06:09]} 33. Ke5 {[%clk 0:23:20]} h6 {[%clk 0:06:17]} 34. a4
{[%clk 0:23:28]} g5 {[%clk 0:06:25]} 35. b4 {[%clk 0:23:35]} Ke8 {[%clk 0:06:06]}
36. Kxe6 {[%clk 0:23:43]} Kf8 {[%clk 0:06:07]} 37. b5 {[%clk 0:23:51]} Kg8
{[%clk 0:06:15]} 38. a5 {[%clk 0:23:58]} g4 {[%clk 0:06:23]} 39. b6
{[%clk 0:24:03]} gxf3 {[%clk 0:06:30]} 40. gxf3 {[%clk 0:24:08]} h5
{[%clk 0:06:33]} 41. bxa7 {[%clk 0:24:11]} h4 {[%clk 0:06:40]} 42. a8=Q+
{[%clk 0:24:18]} Kh7 {[%clk 0:06:12]} 43. Qh8+ {[%clk 0:24:23]} Kg6
{[%clk 0:06:19]} 44. f4 {[%clk 0:24:26]} h3 {[%clk 0:06:20]} 45. f5# 1-0

[Event "MCR druzstev mladsich zaku 2015"]
[Site "Hradec Kralove"]
[Date "2015.06.14"]
[Round "8.4"]
[White "Volak (Loko Brno), Simon"]
[Black "Krejcok (BSS F-M \"A\"), Tobias"]
[Result "1/2-1/2"]
[BlackElo "1605"]
[WhiteElo "1475"]
[LiveChessVersion "1.4.4"]

1. e4 {[%clk 0:25:19]} c5 {[%clk 0:25:16]} 2. Nf3 {[%clk 0:25:27]} Nc6
{[%clk 0:25:21]} 3. d4 {[%clk 0:25:34]} cxd4 {[%clk 0:25:30]} 4. Nxd4
{[%clk 0:25:42]} g6 {[%clk 0:25:39]} 5. Be3 {[%clk 0:24:49]} Bg7 {[%clk 0:25:40]}
6. Be2 {[%clk 0:24:17]} Nf6 {[%clk 0:25:39]} 7. f3 {[%clk 0:24:06]} O-O
{[%clk 0:25:07]} 8. O-O {[%clk 0:24:10]} d6 {[%clk 0:24:47]} 9. Nc3
{[%clk 0:23:57]} Bd7 {[%clk 0:24:18]} 10. Qd2 {[%clk 0:22:54]} a6
{[%clk 0:23:36]} 11. Rfd1 {[%clk 0:20:34]} Qc7 {[%clk 0:22:51]} 12. Nxc6
{[%clk 0:20:07]} Bxc6 {[%clk 0:22:53]} 13. Bh6 {[%clk 0:19:15]} Qb6+
{[%clk 0:22:39]} 14. Be3 {[%clk 0:18:52]} Qc7 {[%clk 0:22:35]} 15. Kh1
{[%clk 0:18:01]} Rac8 {[%clk 0:22:02]} 16. Bh6 {[%clk 0:16:08]} b5
{[%clk 0:21:33]} 17. Bxg7 {[%clk 0:16:12]} Kxg7 {[%clk 0:21:41]} 18. a3
{[%clk 0:15:31]} Qb7 {[%clk 0:20:09]} 19. Qd4 {[%clk 0:14:48]} a5
{[%clk 0:19:50]} 20. Bd3 {[%clk 0:14:11]} b4 {[%clk 0:19:02]} 21. axb4
{[%clk 0:13:59]} axb4 {[%clk 0:19:08]} 22. Ba6 {[%clk 0:13:41]} Qc7
{[%clk 0:18:29]} 23. Bxc8 {[%clk 0:13:02]} bxc3 {[%clk 0:18:37]} 24. Ba6
{[%clk 0:12:49]} cxb2 {[%clk 0:18:27]} 25. Qxb2 {[%clk 0:12:55]} Rb8
{[%clk 0:18:16]} 26. Qc3 {[%clk 0:12:13]} Qb6 {[%clk 0:17:47]} 27. Bd3 Bd7
{[%clk 0:16:40]} 28. h3 {[%clk 0:10:39]} Rc8 {[%clk 0:15:52]} 29. Qa5
{[%clk 0:09:59]} Qf2 {[%clk 0:15:28]} 30. Qe1 {[%clk 0:09:58]} Qc5
{[%clk 0:15:26]} 31. Ra5 {[%clk 0:08:56]} Qc7 {[%clk 0:13:49]} 32. Rda1
{[%clk 0:08:57]} Rb8 {[%clk 0:13:43]} 33. R5a3 {[%clk 0:07:43]} Qc5
{[%clk 0:12:38]} 34. Qg1 {[%clk 0:06:23]} Qh5 {[%clk 0:12:12]} 35. Ra5
{[%clk 0:05:09]} Qh6 {[%clk 0:11:14]} 36. Qc1 {[%clk 0:04:09]} Qh4
{[%clk 0:11:04]} 37. Qe1 {[%clk 0:03:40]} Qf4 {[%clk 0:10:43]} 38. Qf2
{[%clk 0:02:27]} Nh5 {[%clk 0:09:02]} 39. Rxh5 {[%clk 0:00:58]} gxh5
{[%clk 0:08:53]} 40. Re1 {[%clk 0:00:38]} Rb7 {[%clk 0:08:14]} 41. Qd4+
{[%clk 0:00:41]} Qe5 {[%clk 0:07:59]} 42. Qxe5+ {[%clk 0:00:50]} dxe5
{[%clk 0:08:06]} 43. Ra1 {[%clk 0:00:56]} Bb5 {[%clk 0:07:59]} 44. Rb1
{[%clk 0:01:01]} Bc6 {[%clk 0:08:07]} 45. Rxb7 {[%clk 0:01:10]} Bxb7
{[%clk 0:08:15]} 46. Kg1 {[%clk 0:01:19]} Kf6 {[%clk 0:08:23]} 47. Kf2
{[%clk 0:01:29]} Kg5 {[%clk 0:08:24]} 48. g3 {[%clk 0:01:35]} h4 {[%clk 0:08:31]}
49. Bc4 {[%clk 0:01:33]} e6 {[%clk 0:08:40]} 50. Bb5 {[%clk 0:01:40]} hxg3+
{[%clk 0:08:43]} 51. Kxg3 {[%clk 0:01:49]} h5 {[%clk 0:08:47]} 52. h4+
{[%clk 0:01:53]} Kf6 {[%clk 0:08:51]} 53. c4 {[%clk 0:02:03]} Bc8
{[%clk 0:08:51]} 54. c5 {[%clk 0:02:10]} Bb7 {[%clk 0:09:00]} 55. c6
{[%clk 0:01:58]} Bc8 {[%clk 0:09:06]} 56. Be2 {[%clk 0:02:06]} Kg6
{[%clk 0:09:11]} 57. c7 {[%clk 0:02:14]} f5 {[%clk 0:09:15]} 58. Bc4
{[%clk 0:02:12]} f4+ {[%clk 0:09:18]} 59. Kf2 {[%clk 0:02:17]} Kf7
{[%clk 0:09:23]} 60. Bb5 {[%clk 0:02:25]} Ke7 {[%clk 0:09:30]} 61. Ba4
{[%clk 0:02:33]} Kd6 {[%clk 0:09:38]} 62. Be8 {[%clk 0:02:42]} Kxc7
{[%clk 0:09:44]} 63. Bxh5 {[%clk 0:02:51]} Kd8 {[%clk 0:09:49]} 64. Bg6
{[%clk 0:02:57]} Ke7 {[%clk 0:09:58]} 65. h5 {[%clk 0:03:06]} Kf6
{[%clk 0:10:07]} 66. Kg2 {[%clk 0:03:12]} Kg5 {[%clk 0:10:12]} 67. Kh3
{[%clk 0:03:11]} Bd7 {[%clk 0:10:14]} 1/2-1/2

[Event "MCR druzstev mladsich zaku 2015"]
[Site "Hradec Kralove"]
[Date "2015.06.14"]
[Round "8.5"]
[White "Nytra (BSS F-M \"A\"), Ondrej"]
[Black "Faja (Loko Brno), Vilem"]
[Result "1-0"]
[BlackElo "1475"]
[WhiteElo "1707"]
[LiveChessVersion "1.4.4"]

1. e4 {[%clk 0:25:18]} c5 {[%clk 0:25:18]} 2. Nf3 {[%clk 0:25:26]} d6
{[%clk 0:25:27]} 3. d4 {[%clk 0:25:34]} cxd4 {[%clk 0:25:35]} 4. Nxd4
{[%clk 0:25:41]} Nf6 {[%clk 0:25:43]} 5. Nc3 {[%clk 0:25:49]} a6 {[%clk 0:25:51]}
6. Be2 {[%clk 0:25:52]} e6 {[%clk 0:25:59]} 7. O-O {[%clk 0:25:51]} b5
{[%clk 0:26:07]} 8. a3 {[%clk 0:25:50]} Bb7 {[%clk 0:26:15]} 9. f3
{[%clk 0:25:08]} Nbd7 {[%clk 0:26:15]} 10. Kh1 {[%clk 0:24:41]} Be7
{[%clk 0:26:18]} 11. Qe1 {[%clk 0:24:26]} Qb6 {[%clk 0:25:31]} 12. Be3
{[%clk 0:23:49]} Qc7 {[%clk 0:25:19]} 13. Qg3 {[%clk 0:22:53]} Nh5
{[%clk 0:24:04]} 14. Qh3 {[%clk 0:22:29]} g6 {[%clk 0:23:26]} 15. f4
{[%clk 0:21:30]} Nhf6 {[%clk 0:23:32]} 16. Bf3 {[%clk 0:21:25]} Nc5
{[%clk 0:23:27]} 17. e5 {[%clk 0:20:36]} dxe5 {[%clk 0:20:24]} 18. fxe5
{[%clk 0:20:30]} Qxe5 {[%clk 0:18:40]} 19. Bxb7 {[%clk 0:20:24]} Nxb7
{[%clk 0:18:47]} 20. Qf3 {[%clk 0:19:52]} Qb8 {[%clk 0:08:20]} 21. Bg5
{[%clk 0:19:11]} Nd8 {[%clk 0:06:43]} 22. Bxf6 {[%clk 0:19:14]} Bxf6
{[%clk 0:06:20]} 23. Qxf6 {[%clk 0:19:20]} Rf8 {[%clk 0:06:27]} 24. Rad1
{[%clk 0:18:17]} Ra7 {[%clk 0:06:23]} 25. Ne4 {[%clk 0:17:33]} Qc8
{[%clk 0:04:28]} 26. Nd6+ {[%clk 0:17:31]} Kd7 {[%clk 0:04:06]} 27. Nxc8
{[%clk 0:17:37]} Kxc8 {[%clk 0:04:13]} 28. Qe5 {[%clk 0:17:35]} Rd7
{[%clk 0:04:15]} 29. Nb3 {[%clk 0:17:25]} Rxd1 {[%clk 0:04:20]} 30. Rxd1
{[%clk 0:17:33]} Nc6 {[%clk 0:04:29]} 31. Qc5 {[%clk 0:17:31]} Kb7
{[%clk 0:04:35]} 32. Rd7+ {[%clk 0:17:38]} 1-0

[Event "MCR druzstev mladsich zaku 2015"]
[Site "Hradec Kralove"]
[Date "2015.06.14"]
[Round "8.6"]
[White "Vavrinkova (Loko Brno), Anna"]
[Black "Laurincova (BSS F-M \"A\"), Kristyna"]
[Result "0-1"]
[BlackElo "1657"]
[WhiteElo "1397"]
[LiveChessVersion "1.4.4"]

1. e4 {[%clk 0:25:19]} c5 {[%clk 0:25:19]} 2. Nf3 {[%clk 0:25:15]} d6
{[%clk 0:25:28]} 3. d4 {[%clk 0:25:12]} cxd4 {[%clk 0:25:37]} 4. Nxd4
{[%clk 0:25:17]} Nf6 {[%clk 0:25:46]} 5. Nc3 {[%clk 0:24:53]} g6 {[%clk 0:25:55]}
6. Bg5 {[%clk 0:24:03]} Bg7 {[%clk 0:26:04]} 7. Bb5+ {[%clk 0:23:27]} Bd7
{[%clk 0:25:47]} 8. Bxd7+ {[%clk 0:22:49]} Nbxd7 {[%clk 0:24:39]} 9. O-O
{[%clk 0:21:25]} O-O {[%clk 0:24:24]} 10. Kh1 {[%clk 0:19:33]} Re8
{[%clk 0:24:01]} 11. f4 {[%clk 0:18:41]} Qb6 {[%clk 0:23:01]} 12. Nf3
{[%clk 0:16:53]} Qxb2 {[%clk 0:20:58]} 13. Nd5 {[%clk 0:13:28]} Nxd5
{[%clk 0:19:34]} 14. exd5 {[%clk 0:13:03]} Qb6 {[%clk 0:17:39]} 15. Rb1
{[%clk 0:12:14]} Qc7 {[%clk 0:17:39]} 16. Re1 {[%clk 0:11:45]} Nf6
{[%clk 0:15:55]} 17. Bh4 {[%clk 0:09:16]} Rac8 {[%clk 0:15:25]} 18. Re2
{[%clk 0:08:01]} b6 {[%clk 0:14:47]} 19. Rc1 {[%clk 0:07:12]} Qc4
{[%clk 0:14:32]} 20. Bg3 {[%clk 0:06:29]} Nxd5 {[%clk 0:13:10]} 21. Rd2
{[%clk 0:05:44]} Nxf4 {[%clk 0:12:26]} 22. Bxf4 {[%clk 0:05:09]} Qxf4
{[%clk 0:12:35]} 23. Rf2 {[%clk 0:03:59]} Be5 {[%clk 0:08:24]} 24. Qe1 Rc5 25.
Nxe5 {[%clk 0:02:36]} Qxe5 {[%clk 0:08:30]} 26. Qxe5 {[%clk 0:02:43]} Rxe5
{[%clk 0:08:38]} 27. h3 {[%clk 0:02:48]} Rc8 {[%clk 0:08:39]} 28. Rcf1
{[%clk 0:02:53]} f5 29. Kh2 Rc3 {[%clk 0:08:26]} 30. g4 {[%clk 0:02:32]} e6
{[%clk 0:08:32]} 31. gxf5 {[%clk 0:02:22]} exf5 {[%clk 0:08:33]} 32. Rd1
{[%clk 0:02:19]} d5 {[%clk 0:08:40]} 33. Rfd2 {[%clk 0:02:24]} Rc5 34. Kg3 Kf7
{[%clk 0:08:31]} 35. Kf4 {[%clk 0:02:34]} Kf6 {[%clk 0:08:24]} 36. h4 Rc3 37.
Rxd5 {[%clk 0:02:11]} Re4# 0-1